000 00661nam a2200217Ia 4500
003 GCL
008 140319s9999 xx 000 0 ara d
040 _aGCL /
_cGCL
082 0 4 _a320.521
_bج م
100 1 _aكيبيل, جيل
245 1 0 _aالمثقف والمناضل فى الاسلام المعاصر /
_cكيبيل, جيل
700 1 _aريشار، يان
700 1 _aبسام مجار
300 _a256 ص
490 _aالهيئة العامة للاستعلامات
_v0
650 0 4 _aالاسلام
650 0 4 _aالسياسة
650 0 4 _aالنظم السياسية
650 0 4 _aالمذاهب السياسية
942 _2ddc
_cBK
999 _c47948
_d47948